Online Catalogue and eLibrary

Nationalisms & sexualities / (Record no. 342)

MARC details
000 -LEADER
fixed length control field 00559cam a2200205 a 4500
001 - CONTROL NUMBER
control field 2488055
005 - DATE AND TIME OF LATEST TRANSACTION
control field 20240208050946.0
008 - FIXED-LENGTH DATA ELEMENTS--GENERAL INFORMATION
fixed length control field 910812s1992 nyu b 000 0 eng
020 ## - INTERNATIONAL STANDARD BOOK NUMBER
ISBN 0415904323 :
040 ## - CATALOGING SOURCE (பட்டியலாக்க மூலம்)
Original cataloging agency DLC
Transcribing agency DLC
Modifying agency DLC
082 00 - DDC Classification
Class No. 306.7
DDC Edition Number 20
Item Number - Author Mark NAT.
245 00 - TITLE STATEMENT
Title Nationalisms & sexualities /
Statement of responsibility, etc. edited by Andrew Parker ... [et al.].
260 ## - PUBLICATION, DISTRIBUTION, ETC.
Place of publication, distribution, etc. New York :
Name of publisher, distributor, etc. Routledge,
Date of publication, distribution, etc. 1992.
300 ## - PHYSICAL DESCRIPTION
Extent (e.g. Volumes, Pages etc.) xi, 451 p. ;
650 #0 - SUBJECT ADDED ENTRY--TOPICAL TERM
Topical term or geographic name entry element Sex customs
650 #0 - SUBJECT ADDED ENTRY--TOPICAL TERM
Topical term or geographic name entry element Sex differences
650 #0 - SUBJECT ADDED ENTRY--TOPICAL TERM
Topical term or geographic name entry element National characteristics
700 1# - ADDED ENTRY--PERSONAL NAME
Personal name Parker, Andrew,
Relator term (Role) Editor
942 ## - Koha item type (Biblio)
Koha item type Books in Stacks (Lending)
Holdings
Lost status Damaged status Collection code Home library Current library Date acquired Full call number Accession Number Item type
    Lending WERC Library WERC Library 02/08/2024 306.7 NAT. 3863 Books in Stacks (Lending)

© WERC Library